| 000 | 00484nam a2200193Ia 4500 | ||
|---|---|---|---|
| 005 | 20240823015938.0 | ||
| 008 | 240823s9999||||xx |||||||||||||| ||und|| | ||
| 020 | _a0-419-19830-X | ||
| 041 | _aENGLISH | ||
| 082 | _A331.12791 P3 | ||
| 100 | _aRichard Palmer | ||
| 245 | 0 | _aBrain Train : Studying for Success | |
| 250 | _a2nd | ||
| 260 |
_c2003 _b"Foundation Books,New " _aNew Delhi |
||
| 500 | _aYES | ||
| 650 |
_aSuccess _bManagement Studies |
||
| 942 | _cBK | ||
| 999 |
_c173605 _d173605 |
||